00827 a2200241 4500502002400000260001500024653001400039100002600053041000700079260003100086300001100117245019600128650001100324650003000335260001700365300002900382130000700411040001400418041000700432653003900439100008900478020001800567 aThèse de Doctorat aWageningen1 aAgronomie aVAN DER VEN, Cornelly bEn bUniversité de Wageningen a155 p. aBiochemical and functional characterisation of casein and whey protein hydrolyates : a study on the correlations between biochemical and functional properties using multivariate data analyses aCASEIN aWHEY PROPTEIN HYDROLYSATE c04 Juin 2002 bIll., Couv. ill. ; 24 cm lEn aSupport  bEn 1aNutrition et Sciences Alimentaires uAbomey-Calavi, Université d'Abomey-Calavi, Faculté des Sciences Agronomiques, Bj a90-5808-653-4